El mundo arabe /

Guardado en:
Autor Principal: Stewart, Desmond
Formato: Libro
Publicado: México : Life, 1963
Series:Life en Español
Materias:
Etiquetas: Agregar Etiqueta
Sin Etiquetas, Sea el primero en etiquetar este registro!
LEADER 00458nam a22001815a 4500
001 CEM.cems006076
005 20060214000000.0
008 130507s1963##################000#0#####d
003 CEMS
082 0 4 |a 953 
100 1 |a Stewart, Desmond 
245 1 0 |a El mundo arabe / 
260 |a México :  |b Life,  |c 1963 
300 |a 160 p. 
490 0 |a Life en Español 
653 |a Historia 
653 |a Mundo arabe 
859 |a CEMS  |b BIB. CEMS - 11 de abril  |h 953  |i St49  |p 2716.74  |t Ej.1